What animals have a kill rate higher than 1000 per year - Statistics

General Stats
  • This quiz has been taken 11 times
  • The average score is 2 of 7
Answers on the Grid
Answers color-coded by a green-red scale on the quiz's grid according to % correct below.
Snails
Dog
Snakes
mosquitos
cats
Panda
Flies
worms
Scorpions
Parrots
Pigeions
Rats
Deer
Bees
jellyfish
spiders
 
Answer Stats
Answer % Correct
mosquitos
67%
Snakes
44%
Dog
33%
Scorpions
22%
Snails
22%
worms
22%
Flies
11%
No matching quizzes found
Score Distribution
Percent of People with Each Score
Percentile by Number Answered
Your Score History
You have not taken this quiz